000
00344 a2200157 4500
001
61583
020
_a
8470931555
040
_c
Anchieta - Pituba
100
_a
Berenguer, J. Gállego
240
1
0
_a
Atlas de parasitologia
_l
por
245
1
0
_a
Atlas de parasitologia
300
_a
362
0
_a
1973
650
4
_a
Parasitologia
942
_c
BK
999
_c
61583
_d
61583